Statistics for West Ham Squad 2017/18

Click here to take the quiz!

General Stats

  • This quiz has been taken 27 times
  • The average score is 17 of 32

Answer Stats

Kit NumberTransfersAnswer% Correct
3Aaron Cresswell
91%
13Adrian
87%
9Andy Carroll
87%
16Mark Noble
87%
21Angelo Ogbonna
83%
30Michail Antonio
83%
2Winston Reid
83%
41Declan Rice
74%
10Manuel Lanzini
74%
14Pedro Obiang
74%
8Cheikhou Kouyate
70%
17Javier Hernandez
70%
7Marko Arnautovic
70%
5Pablo Zabaleta
65%
26Arthur Masuaku
61%
19James Collins
61%
11Loaned OutRobert Snodgrass
61%
25Loaned InJoe Hart
57%
20Sold in JanuaryAndre Ayew
43%
31Edimilson Fernandes
39%
18Loaned InJoao Mario
39%
35Loaned OutReece Oxford
39%
37Nathan Holland
35%
22Sam Byram
35%
12Signed in JanuaryJordan Hugill
30%
33Loaned OutJosh Cullen
26%
23Sead Haksabanovic
26%
29Loaned OutToni Martinez
26%
32Loaned OutReece Burke
22%
27Signed in JanuaryPatrice Evra
17%
36Domingos Quina
13%
46Loaned OutMoses Makasi
13%

Score Distribution

Percentile by Number Answered

Percent of People with Each Score

Your Score History

You have not taken this quiz